| 000 | 00448nam a22001577a 4500 | ||
|---|---|---|---|
| 005 | 20251108171748.0 | ||
| 008 | 250721s1996 xx 000 0 ara d | ||
| 082 | 1 | 4 | _a177.6/روا |
| 100 | 1 | _aالرواجبة، عايدة | |
| 245 | 1 | 0 | _aكيف تكسب الأصدقاء / |
| 264 | 1 |
_aعمان : _bدار إشراق للنشر و التوزيع، _c1996. |
|
| 300 | _a101ص | ||
| 650 | 1 | 7 | _aالصداقة |
| 942 |
_2ddc _cBK |
||
| 999 |
_c61888 _d61888 |
||